| 000 | 00684nam a22001697a 4500 | ||
|---|---|---|---|
| 999 |
_c80776 _d80776 |
||
| 008 | 201130b ||||| |||| 00| 0 eng d | ||
| 040 |
_bger _cDE-2950 _erda _aDE-2950 |
||
| 041 | _ager | ||
| 245 |
_aWilke jetzt im Präsidium des Städtetages. _b"Stimme der Städte". Der Hauptausschuss wählte René Wilke am Mittwoch in das Gremium der 1905 gegründeten Vereinigung. |
||
| 600 |
_a Wilke, René; Politiker _d1984- |
||
| 650 | _aStädtetag | ||
| 773 |
_dFrankfurt (Oder): Märkisches Verlags- und Druckhaus GmbH & Co KG _g32. Jahrgang (2021) Nr. 48 vom 26.02.2021, S. 11 _tMärkische Oderzeitung |
||
| 942 | _cA | ||